000
00243nam a2200097Ia 4500
005
20251222114415.0
008
251222s1900||||xx |||||||||||||| ||spa||
082
_a
DVD0070/R87/2008
245
0
_a
Un gioco da ragazze:Un juego de chicas
942
_c
DVD
999
_c
2203
_d
2203